| 000 | 01282 a2200265 4500 | ||
|---|---|---|---|
| 003 | OSt | ||
| 005 | 20180116182816.0 | ||
| 008 | 170807b xxu||||| |||| 00| 0 eng d | ||
| 020 | _a0764560514 | ||
| 020 | _a9780764560514 | ||
| 040 | _c0 | ||
| 082 | 0 | 4 | _a005.369 LES 1999 |
| 100 | 1 | _aMaran Graphics. | |
| 245 | 1 | 0 |
_aTeach yourself Visually Microsoft Office 2000 _cMaran Graphics. _bThe Fast and Easy Way to Learn |
| 250 | _a1st ed. | ||
| 260 |
_a[S.l.] : _bVisual, _c1999. |
||
| 300 |
_a397 p. ; _c23 cm. _bpb. |
||
| 440 | _aTeach yourself Visually Microsoft Office 2000 | ||
| 500 | _aPaperback. | ||
| 520 | _aRead less and learn more. Teach Yourself Microsoft® Office 2000 VISUALLY™ makes understanding the basics of this powerful suite of programs easy and fun. The book features beautiful 3D drawings that fully illustrate each topic. You also find clear, concise, and jargon-free descriptions, time-saving advice, and two-page color spreads that provide complete coverage of key topic | ||
| 700 | _amaranGraphic | ||
| 856 |
_3Amazon.com _uhttp://www.amazon.com/exec/obidos/ASIN/0764560514/chopaconline- |
||
| 856 |
_3Amazon customer reviews _uhttp://www.chopac.org/cgi-bin/tools/azrev.pl?q=07645605 |
||
| 942 |
_aNBS _cBK _k005.369 LES 1999 _2ddc |
||
| 999 |
_c346425 _d346425 |
||